| 000 | 006470000a22002170004500 | ||
|---|---|---|---|
| 090 |
_aAS _bSERIADAS |
||
| 245 | 1 | 0 | _aListado de los peces de la cuenca del río Putumayo en un sector colombo-peruano |
| 651 | 4 |
_pColombia _lRío Putumayo _992749 |
|
| 690 |
_aPeces _992349 |
||
| 690 |
_aInventarios de peces _997463 |
||
| 690 |
_aListas de especies _928152 |
||
| 690 |
_aIctiofauna _94606 |
||
| 041 | 0 | _aEspañol | |
| 041 | 0 | _aInglés | |
| 044 | _aColombia | ||
| 700 | 1 |
_aMojica, José Iván _94604 |
|
| 700 | 1 |
_aHidalgo, Max _9100434 |
|
| 100 | 1 |
_aOrtega, Hernán _9100435 |
|
| 942 | _cARTICULO | ||
| 773 | 1 |
_tBiota Colombiana _h1 _q95-112 _d2006 _g7 |
|
| 999 |
_c16245 _d16245 |
||